000 00597nam a2200229 a 4500
008
020 _a0712110402 (pbk.)
049 _aMAIN
090 _aQA276.A2
_bHAR
100 1 _aHarper, W. M.
245 1 0 _aStatistics /
_cW.M. Harper.
250 _a6th ed.
260 _aLondon :
_bELBS with Pitman,
_c1992.
300 _ax, 501 p. :
_bill. ;
_c20 cm.
500 _aIncludes index.
650 0 _aStatistics.
907 _a.b10046781
_b09-12-11
_c17-04-03
003
005 20230123125351.0
040 _cNUST
942 _cBOOKS
_kQA276.A2
_mHAR
999 _c140285
_d140285